[Event "Hong Kong op"]
[White "Ng, Jing Xuan Alyssa"]
[Black "Nisban, Corwin"]
[Site "Hong Kong"]
[Round "4"]
[Result "1/2-1/2"]
[Date "2023.12.26"]
[WhiteElo "1338"]
[BlackElo "1131"]
[PlyCount "64"]
[EventDate "2023.12.24"]
[EventType "swiss"]
[EventRounds "9"]
[EventCountry "HKG"]
[SourceTitle "CBM 217 Extra"]
[Source "ChessBase"]
[SourceDate "2024.01.31"]
[SourceVersion "1"]
[SourceVersionDate "2024.01.31"]
[SourceQuality "1"]

1. e4 c6 2. d4 d5 3. Nc3 dxe4 4. Nxe4 Nf6 5. Nxf6+ exf6 6. c3 Bd6 7. Nf3 Bg4 8. Be2 0-0 9. 0-0 Nd7 10. Be3 Re8 11. h3 Bxf3 12. Bxf3 Nf8 13. Re1 Qc7 14. Qd2 Ng6 15. Rad1 Nf4 16. c4 Ne6 17. a3 a6 18. d5 cxd5 19. Bxd5 Rad8 20. Qc1 Bc5 21. Bxc5 Nxc5 22. Qc2 Re7 23. b4 Ne6 24. Be4 g6 25. Rxd8+ Qxd8 26. Qd3 Rd7 27. Qc2 Kg7 28. g3 Ng5 29. Bg2 Rd2 30. Qc3 Rd3 31. Qc1 Nf3+ 32. Bxf3 Rxf3 1/2-1/2

[Event "Penang op-B 14th"]
[White "Ng, Jing Xuan Alyssa"]
[Black "Ong, Xuan En Alexander"]
[Site "Penang"]
[Round "4"]
[Result "0-1"]
[Date "2022.12.21"]
[WhiteElo "1200"]
[BlackElo "1401"]
[PlyCount "106"]
[EventDate "2022.12.19"]
[EventType "swiss"]
[EventRounds "9"]
[EventCountry "MAS"]
[SourceTitle "EXT 2024"]
[Source "ChessBase"]
[SourceDate "2023.10.10"]
[SourceVersion "1"]
[SourceVersionDate "2023.10.10"]
[SourceQuality "1"]

1. e4 c6 2. d4 d5 3. Nc3 dxe4 4. Nxe4 Bf5 5. Ng3 Bg6 6. h4 h6 7. Nf3 Nd7 8. h5 Bh7 9. Bd3 Bxd3 10. Qxd3 e6 11. Bd2 Ngf6 12. 0-0-0 Bd6 13. Ne4 Nxe4 14. Qxe4 Nf6 15. Qd3 Qe7 16. Kb1 0-0-0 17. Qb3 Kb8 18. Rde1 Ka8 19. a3 c5 20. dxc5 Bxc5 21. Be3 Bxe3 22. Qxe3 Rd6 23. Rd1 Rb6 24. Ne5 Rc8 25. Qd3 Qc7 26. Nf3 Nd5 27. Kc1 Rc6 28. Nd4 Rf8 29. Rd2 e5 30. Nb3 Nf4 31. Qe4 Rc4 32. Qf5 e4 33. c3 Nd3+ 34. Kb1 a6 35. Nd4 Rd8 36. Rdd1 Qb6 37. Rxd3 exd3 38. Qxd3 Rc7 39. Qe2 Rxc3 40. Nf3 Rxa3 41. Ne5 Rb3 42. Nc4 Qb5 43. Qc2 Rb4 44. Ne3 Qd3 45. Qxd3 Rxd3 46. Rc1 Rd2 47. Nc4 Rxf2 48. Rc3 b5 49. Nb6+ Kb7 50. Nd5 Rbxb2+ 51. Kc1 Rbe2 52. Kd1 Rd2+ 53. Kc1 Rxd5 0-1

[Event "Penang op-B 14th"]
[White "Khairul Hakeem, Hafiy Aiman"]
[Black "Ng, Jing Xuan Alyssa"]
[Site "Penang"]
[Round "3"]
[Result "1/2-1/2"]
[Date "2022.12.20"]
[WhiteElo "1309"]
[BlackElo "1200"]
[PlyCount "106"]
[EventDate "2022.12.19"]
[EventType "swiss"]
[EventRounds "9"]
[EventCountry "MAS"]
[SourceTitle "EXT 2024"]
[Source "ChessBase"]
[SourceDate "2023.10.10"]
[SourceVersion "1"]
[SourceVersionDate "2023.10.10"]
[SourceQuality "1"]

1. d4 d5 2. Bf4 c5 3. c3 Qb6 4. Qc2 Nc6 5. Nd2 cxd4 6. Ngf3 dxc3 7. bxc3 e6 8. e3 Nf6 9. Bd3 Qd8 10. 0-0 Bd6 11. Bg3 0-0 12. Rab1 Qe7 13. c4 Bxg3 14. hxg3 Nb4 15. Qb3 Nxd3 16. Qxd3 b6 17. cxd5 Nxd5 18. Rfc1 Bb7 19. a3 Rfd8 20. Qb3 Rac8 21. Nd4 h6 22. Nc4 Ba6 23. Ne5 Qd6 24. Nec6 Rd7 25. Qa4 Bb7 26. Nb5 Qf8 27. Ncxa7 Rxc1+ 28. Rxc1 Nf6 29. Nd4 Qd6 30. Nc8 Qd5 31. f3 Bxc8 32. Rxc8+ Rd8 33. Rxd8+ Qxd8 34. Qc6 Nd5 35. Kf2 e5 36. Nb5 Ne7 37. Qc3 Ng6 38. Kg1 Qd7 39. a4 Qd1+ 40. Kh2 Qxa4 41. Qc8+ Kh7 42. Nd6 f6 43. Qb7 Qb3 44. Nf5 Qg8 45. Qxb6 Qf7 46. Qb1 Kh8 47. Nd6 Qe6 48. Qxg6 Qxd6 49. Qc2 Qd7 50. g4 Qe6 51. Qd3 Kg8 52. Qd8+ Kh7 53. Qd3+ Kh8 1/2-1/2